Guess The Kansas City Royals Players - Statistics

General Stats
  • This quiz has been taken 9 times
  • The average score is 9 of 32
Answer Stats
Picture Answer % Correct
Zack Greinke
100%
Bo Jackson
88%
Eric Hosmer
88%
Jorge Soler
50%
Alex Gordon
38%
Danny Duffy
38%
Jarrod Dyson
38%
Johnny Damon
38%
Wade Davis
38%
Willie Wilson
38%
Angel Zerpa
25%
Dan Quisenberry
25%
David DeJesus
25%
Jermaine Dye
25%
Joakim Soria
25%
Kyle Isbel
25%
Mike Sweeney
25%
Paul Splittorff
25%
Raul Ibanez
25%
Terrance Gore
25%
Alec Marsh
13%
Gil Meche
13%
Joe Randa
13%
Matt Strahm
13%
Ryan O'Hearn
13%
Dee Brown
0%
Jose Cuas
0%
Josh Staumont
0%
Martin Maldonado
0%
Mike Yastrzemski
0%
Tim Hill
0%
Will Smith
0%
No matching quizzes found
Score Distribution
Percent of People with Each Score
Percentile by Number Answered
Your Score History
You have not taken this quiz